| 000 | 01755nam0a2200373 4500 | ||
|---|---|---|---|
| 001 | RU\NLR\bibl\794350 | ||
| 005 | 20250708190749.0 | ||
| 010 | _a5-93113-016-0 | ||
| 035 | _a(NLR Aleph) 000783564 | ||
| 090 |
_a1077297 _c1077297 |
||
| 100 | _a20050429d2005 |||y0rusy50 ca | ||
| 101 | 0 |
_arus _aeng |
|
| 102 | _aRU | ||
| 105 | _aa ||||||||| | ||
| 200 | 1 |
_aМозаика. Санкт-Петербург. XVIII - XXI вв. _dMosaic. St.Petersburg. XVIII-XXI _e[альбом] _fКутейникова Н.С. _zeng |
|
| 210 |
_aСанкт-Петербург _cЗнаки _d2005 |
||
| 215 |
_a501,[3] с. _cил., цв. ил. _d23 |
||
| 225 | 1 |
_aСерия альбомов "Искусство мозаики" _vВып. 1 |
|
| 300 | _aАвт. также на англ. яз.: N.S. Kouteynikova | ||
| 300 | _aТекст парал. на рус. и англ. яз. | ||
| 320 | _aБиблиогр.: с. 498-501 (90 назв.) | ||
| 510 | 1 |
_6z17790 _aMosaic. St.Petersburg. XVIII-XXI _zeng |
|
| 606 | 1 |
_aМозаика русская _jАльбомы _yСанкт-Петербург, город _z18 - 21 вв. _92374323 _3RU\NLR\auth\661417019 |
|
| 686 | _aЩ143(2Р=Рус)-461.3 | ||
| 700 | 1 |
_aКутейникова _bН. С. _gНина Сергеевна _4070 |
|
| 790 | 1 |
_6z17510 _aKutejnikova _bN. S. _gNina Sergeevna _4070 |
|
| 801 | 0 |
_aRU _bNLR _c20050429 _grcr |
|
| 801 | 1 |
_aRU _bNLR _c20050429 |
|
| 830 | _aАвт. по кн. | ||
| 942 | _cBOOK | ||
| 980 | _aNB | ||
| 981 | 4 | 3 |
_a(43) Тематическая подборка Санкт-Петербург _b(43) Искусство |
| 981 | 4 | 3 |
_a(43) Тематическая подборка Санкт-Петербург _b(43) Декоративно-прикладное искусство |